Przesłanki i wymiary globalizacji rynku
Gespeichert in:
| 1. Verfasser: | |
|---|---|
| Format: | Buchkapitel |
| Sprache: | Polnisch |
| Tags: |
Keine Tags, Fügen Sie das erste Tag hinzu!
|
MARC
| LEADER | 00000naa a2200000 4500 | ||
|---|---|---|---|
| 001 | 0146845 | ||
| 005 | 20240502083339.3 | ||
| 041 | 0 | |a pol | |
| 044 | |a PL | ||
| 245 | 1 | 0 | |a Przesłanki i wymiary globalizacji rynku |c Jaroslav Kita |
| 100 | 1 | |a Kita, Jaroslav | |